LEADER 01082nam a2200253 i 4500 001 000000100270 003 CaOOAMICUS 005 20170605000000.0 008 170605s1846 xx u000 u fre u 013 $a72422 040 $aSeMil$bita 100 1 $aKubrakiewicz, Michal.$0(OLS)http://semarc/name/92659 245 10$aEssai sur le gouvernement paternel et les mystères d'Autriche /$cpar Michal Kubrakiewicz. 260 $aParis :$bLibrairie slave,$c1846. 300 $a252 p. ;$c19 cm. 650 4$aAsburgo - Storia.$0(OLS)http://semarc/subject/44613 650 4$aAustria - Politica e governo.$0(OLS)http://semarc/subject/45892 650 4$aAustria - Storia - 1815-1848.$0(OLS)http://semarc/subject/45893 850 $aSeMil 852 $aSeMil$W1$xVenegono$y1$m3V I 190 FA$j57446$B57446$CSeMilBibl$Z2$F67781 $8I 941 1 $a10 961 $aRecupero: Mantegazza 996 $6245$aEssai sur le gouvernement paternel et les mystères d'Autriche$9(OLS)http://semarc/title/406635 996 $6260$aParis :$bLibrairie slave$9(OLS)http://semarc/publisher/56938 LEADER 01148nam a2200229 4500 001 000000347030 003 CaOOAMICUS 005 20210714150019.0 008 210714s1939 it 000 u ita r 040 $aSeMil$bita 100 1 $aFouard, Constant Henri,$d<1837-1904>.$0(OLS)http://semarc/name/7951 240 13$aLa vie de N.-S. Jésus-Christ.$0(OLS)http://semarc/title/22996 245 10$aVita di N. S. Gesù Cristo /$cCostantino Fouard ; prima versione italiana fatta sulla 18. francese, con introduzione del p. A. Oldrà sul valore storico dei Vangeli. 264 1$aTorino :$bSocietà Editrice Internazionale,$c1939. 300 $a2 v. ;$c21 cm 650 4$aGesù Cristo - Vita.$0(OLS)http://semarc/subject/415 700 1 $aOldrà, Antonio.$0(OLS)http://semarc/name/7952 774 0 $tVol. 1.$dTorino : Società Editrice Internazionale, 1939.$w()347031 774 0 $tVol. 2.$dTorino : Società Editrice Internazionale, 1939.$w()347032 996 $6245$aVita di N. S. Gesù Cristo$9(OLS)http://semarc/title/41953 996 $6264$aTorino :$bSocietà Editrice Internazionale$9(OLS)http://semarc/publisher/29847